Το ελληνικό τραγούδι των τελευταίων 30 χρόνων : λαικά έντεχνα και προσωπικά

Αποθηκεύτηκε σε:
Λεπτομέρειες βιβλιογραφικής εγγραφής
Κύριος συγγραφέας: Νοταράς, Γιώργος
Μορφή: Βιβλίο
Γλώσσα:Greek
Δημοσίευση: Αθήνα : "Νέα Σύνορα" Α.Α. Λιβάνη, 1991.
Σειρά:Μουσική (Νέα Σύνορα)
Θέματα:
Ετικέτες: Προσθήκη ετικέτας
Δεν υπάρχουν, Καταχωρήστε ετικέτα πρώτοι!

MARC

LEADER 00000cam a2200000 i 4500
001 1/13170
008 980723s1991 gr | ||| |||| ||gre||
020 |a 9602361484 
035 |l 10064512 
040 |a GR-MyUa  |b gre  |e AACR2 
041 0 |a gre 
082 7 |a 782.42   |2 (22) 
100 1 |a Νοταράς, Γιώργος. 
245 1 3 |a Το ελληνικό τραγούδι των τελευταίων 30 χρόνων :   |b λαικά έντεχνα και προσωπικά /   |c Γιώργος Νοταράς. 
260 |a Αθήνα :   |b "Νέα Σύνορα" Α.Α. Λιβάνη,   |c 1991. 
300 |a 228 σ. ;   |c 20 εκ. 
490 1 |a (Μουσική / Νέα Σύνορα) 
650 0 |a Songs, Greek (Modern)  |x History and criticism. 
650 0 |a Popular music  |z Greece. 
830 0 |a Μουσική (Νέα Σύνορα) 
852 |a INST  |b LESVOS  |e 20001120  |h 782.4209495 ΝΟΤ  |p 005100029050  |q 005100029050  |t BK  |y 0 
852 |a INST  |b SAMOS  |e 19980723  |h 782.42 ΝΟΤ  |p 005300010973  |q 005300010973  |t BK  |y 0 
901 |a BIBL-1998-2 
922 |a 3ΕΛΗ  |b 199709  |c ΔΩΡ  |d ΠΑΡΙΑΝΟΣ 
922 |a 3ΕΛΗ  |b 199709  |c ΔΩΡ  |d ΠΑΡΙΑΝΟΣ 
922 |a 1ΕΛΗ  |b 200011  |c ΤΑΚ/ΠΤΕ  |d ΠΑΠΑΣΩΤΗΡΙΟΥ 
950 |a 185-2000-07-07